| 000 | 00519nam a2200169 4500 | ||
|---|---|---|---|
| 001 | 110991 | ||
| 003 | ES-MaACL | ||
| 005 | 20230906185224.0 | ||
| 007 | t| | ||
| 008 | 061121s1960 sp r ||||1| spa d | ||
| 100 | 1 |
_aNadal, Santiago. _984805 |
|
| 245 | 1 | 4 |
_aLos Estados Unidos vistos de cerca / _cSantiago Nadal ; prólogo de Manuel Jiménez de Parga. |
| 260 |
_aBarcelona : _bDestino, _c1960. |
||
| 300 |
_a268 p. ; _c18 cm. |
||
| 700 | 1 |
_aJiménez de Parga, Manuel. _966509 |
|
| 852 |
_aES-MaACL _jC-19754 _bR.47003 |
||
| 999 |
_c110991 _d110991 |
||